000 00799nam a2200241 a 4500
999 _c9021
_d9021
001 9021
003 BD-JhCC
005 20180520143949.0
008 171111s1993 bg |||| ||a| 000 0 ben d
020 _a9840740741
035 _a(BD-JhCC)9021
040 _aBD-JhCC
_dBD-JhCC
041 _aben
082 _a305.42095492
_bMUR 1993
100 _aমুরশিদ, গোলাম
245 _aরাসসুন্দরী থেকে রোকেয়া :
_bনারী প্রগতির একশো বছর /
_cগোলাম মুরশিদ
260 _aঢাকা :
_bবাংলা একাডেমী,
_c১৯৯৩.
300 _a167 p. :
_c22 cm.
650 _aWoman
650 _aSocial Condition
_zBangladesh
942 _2ddc
_cBK